00379nam a2200121Ia 4500008004100000245012300041260002400164260000900188300000800197500000900205650002300214650002000237170224s9999 xx 000 0 und d aHow the Web was told: Continuity and change in the founding fathers’ narratives on the origins of the World Wide Web bNew Media & Society c2016 a18: a2016 xCommunication Arts xMultimedia Arts